Bundesländer Österreichs nach Umriss - Statistiken

Allgemein
  • Dieses Quiz wurde 24 mal gespielt
  • Das Durchschnittsergebnis liegt bei 7 aus 9
Antwortstatistiken
Bildquiz Antwort % Korrekt
Burgenland
95%
Tirol
95%
Niederösterreich
86%
Kärnten
81%
Salzburg
81%
Wien
76%
Oberösterreich
71%
Steiermark
71%
Vorarlberg
67%
Keine übereinstimmenden Quizze gefunden
Verteilung der Resultate
Anzahl Personen mit jedem Resultat
Perzentil nach korrekt beantworteten Fragen
Ihre Resultats-Entwicklung
Sie haben dieses Quiz noch nicht gespielt